QCM cinéastes n°1 - Statistiques

Statistiques générales
  • Ce quiz a été pris 86 fois
  • Le résultat moyen est 9 sur 20
Statistiques - réponses
Question Réponse % Correct
L'Évangile selon Saint Matthieu Pier Paolo Pasolini
100%
Le Testament d'Orphée Jean Cocteau
82%
India Song Marguerite Duras
82%
Le Roman d'un tricheur Sacha Guitry
73%
À l'est d'Éden Elia Kazan
64%
Le vent se lève Hayao Miyazaki
64%
Cinéman Yann Moix
64%
Angèle Marcel Pagnol
55%
Baise-moi Virginie Despentes
55%
Un chant d'amour Jean Genet
45%
Le Capital au XXIe siècle Thomas Piketty
45%
Yūkoku - Rites d'amour et de mort Yukio Mishima
36%
Trans-Europ-Express Alain Robbe-Grillet
27%
L'Enclos Armand Gatti
27%
La maison est noire Forough Farrokhzad
27%
Retour à Kotelnitch Emmanuel Carrère
18%
Le Monde Vivant Eugène Green
18%
Les Cinéphiles Louis Skorecki
18%
Espoir, sierra de Teruel André Malraux
9%
Renaldo et Clara Bob Dylan
9%
Aucun quiz correspondant
Distribution des résultats
% des personnes avec chaque résultat
Percentile par nombre de réponses
Votre historique - résultats
Vous n’avez pas pris ce quiz